00990cam a22003374i 4500003000900000005001700009008004100026035001900067040003300086082002100119130002300140245014000163300003900303336002100342337002500363338002300388504004100411505003100452526001000483526001000493526001000503526001000513526000800523526000800531526000800539526000800547526000800555526000800563526000800571630007300579PE-LiUPU20250805113816.0150625s r 000 0 d a(Sirsi) a33059 aPE-LiUPUbspacPE-LiUPUerda04a225.561bE23221 aBiblia.lEspañol00aEdición para evangelismo personal del Nuevo Testamento :bBiblia de las Américas /cedición publicada por Holman Bible Publishers a382 páginas ;b18 centímetros. atext2rdacontent aunmediated2rdamedia avolume2rdacarrier aIncluye referencias bibliográficas aNuevo Testamento completo. aSEG42 aSEG41 aSEG40 aSEG39 aP94 aP87 aP86 aP85 aP77 aP76 aP35 0aBiblia.pNuevo TestamentolEspañolsBiblia de las Américasf1982